Fr. Conceicao Rodrigues College of Engineering

40 Secrets for a happy life (Record no. 26490)

MARC details
000 -LEADER
fixed length control field 00346nam a2200157Ia 4500
082 ## - DEWEY DECIMAL CLASSIFICATION NUMBER
Classification number 170/ANT
Item number ANT
100 ## - MAIN ENTRY--PERSONAL NAME
Personal name Anthony/Saji
245 ## - TITLE STATEMENT
Title 40 Secrets for a happy life
260 ## - PUBLICATION, DISTRIBUTION, ETC.
Name of publisher, distributor, etc. Better Yourself Books
Place of publication, distribution, etc. Bandra
Date of publication, distribution, etc. 2005
366 ## - TRADE AVAILABILITY INFORMATION
Publishers's discount category 25
300 ## - PHYSICAL DESCRIPTION
Extent 107
546 ## - LANGUAGE NOTE
Language note ENGLISH
650 ## - SUBJECT ADDED ENTRY--TOPICAL TERM
Topical term or geographic name entry element Philosophy
654 ## - SUBJECT ADDED ENTRY--FACETED TOPICAL TERMS
Focus term happy life
942 ## - ADDED ENTRY ELEMENTS (KOHA)
Koha item type BOOK
Holdings
Withdrawn status Lost status Damaged status Not for loan Collection Home library Current library Date acquired Source of acquisition Cost, normal purchase price Total Checkouts Full call number Barcode Date last seen Cost, replacement price Price effective from Koha item type
        CRC Fr. Agnel's C.Rodrigues College of Engineering Fr. Agnel's C.Rodrigues College of Engineering 17/03/2023 Better Yourself Books 5.00   170/ANT ANT 17756 17/03/2023 30.00   BOOK